[Event "TUR-chT 2nd League"]
[Site "Denizli"]
[Date "2023.07.15"]
[Round "9.144"]
[White "Konal, Emine Nursel"]
[Black "Bayko, Huseyin"]
[Result "0-1"]
[WhiteElo "1253"]
[BlackElo "1441"]
[PlyCount "66"]
[EventDate "2023.07.09"]
[EventType "team-swiss"]
[EventRounds "9"]
[EventCountry "TUR"]
[SourceTitle "CBM 215 Extra"]
[Source "ChessBase"]
[SourceDate "2023.09.30"]
[SourceVersion "1"]
[SourceVersionDate "2023.09.30"]
[SourceQuality "1"]
[WhiteTeam "Karaman Tabduk Emre"]
[BlackTeam "Denizli Gelisim"]
[WhiteTeamCountry "TUR"]
[BlackTeamCountry "TUR"]

1. e4 c5 2. Nf3 Nc6 3. d4 cxd4 4. Nxd4 Qb6 5. Nb5 a6 6. Be3 Qa5+ 7. N5c3 Nf6 8. Nd2 b5 9. Nb3 Qc7 10. Nd5 Nxd5 11. exd5 Ne5 12. Nd2 Bb7 13. f4 Ng6 14. c4 e6 15. cxb5 Bxd5 16. Rc1 Qb7 17. bxa6 Qxb2 18. Be2 Be7 19. 0-0 0-0 20. Nc4 Bxc4 21. Bxc4 d5 22. Bd4 Qa3 23. Rf3 Qd6 24. Bd3 Rfc8 25. Rb1 Qc7 26. f5 Nh4 27. Rg3 e5 28. Qg4 Bf6 29. Ba1 Qc5+ 30. Kf1 Rab8 31. Re1 Rb4 32. Qh5 Rf4+ 33. Ke2 Rf2+ 0-1

[Event "TUR-ch Youth"]
[Site "Denizli"]
[Date "2022.05.29"]
[Round "9"]
[White "Bayram, Ufuk"]
[Black "Bayko, Huseyin"]
[Result "1/2-1/2"]
[WhiteElo "1325"]
[BlackElo "1424"]
[PlyCount "127"]
[EventDate "2022.05.24"]
[EventType "swiss"]
[EventRounds "9"]
[EventCountry "TUR"]
[SourceTitle "EXT 2023"]
[Source "ChessBase"]
[SourceDate "2022.10.05"]
[SourceVersion "1"]
[SourceVersionDate "2022.10.05"]
[SourceQuality "1"]

1. d4 Nf6 2. c4 c5 3. d5 b5 4. Qc2 d6 5. e4 bxc4 6. Nf3 g6 7. Bxc4 Bg7 8. 0-0 Nbd7 9. h3 0-0 10. Nc3 Nb6 11. Qe2 Nxc4 12. Qxc4 a5 13. Re1 Ba6 14. Qa4 Nd7 15. Bg5 Rb8 16. Qc2 Re8 17. b3 Qc7 18. Rac1 Rec8 19. Bxe7 c4 20. Na4 f6 21. e5 Nxe5 22. Nxe5 fxe5 23. Bg5 Qb7 24. Qd2 cxb3 25. axb3 Qb5 26. Rb1 Bb7 27. Red1 Rc7 28. Nc3 Qb4 29. Na4 Ba6 30. Qxb4 axb4 31. Rbc1 Rbc8 32. Nb6 Rxc1 33. Rxc1 Rxc1+ 34. Bxc1 Bf6 35. Nd7 Bd8 36. Bd2 Ba5 37. Nb8 Bb7 38. Nc6 Bxc6 39. dxc6 Kf7 40. c7 Bxc7 41. Bxb4 Ke6 42. Kf1 Kd5 43. Ke2 Bb6 44. f3 Bc5 45. Bd2 e4 46. fxe4+ Kxe4 47. b4 Bb6 48. Bc3 d5 49. Bf6 d4 50. Be7 h5 51. Bd6 Kd5 52. Be7 Kc4 53. Kd2 Bc7 54. Bg5 Bd6 55. b5 Kxb5 56. Kd3 Be5 57. g4 hxg4 58. hxg4 Kc5 59. Bd8 Kd5 60. Bb6 Bf6 61. Ba7 Bg7 62. Bb6 Bh8 63. Ba7 Be5 64. Bb6 1/2-1/2

[Event "TUR-ch Youth"]
[Site "Denizli"]
[Date "2022.05.25"]
[Round "3"]
[White "Utlu, Mustafa Ali"]
[Black "Bayko, Huseyin"]
[Result "0-1"]
[WhiteElo "1186"]
[BlackElo "1424"]
[PlyCount "55"]
[EventDate "2022.05.24"]
[EventType "swiss"]
[EventRounds "9"]
[EventCountry "TUR"]
[SourceTitle "EXT 2023"]
[Source "ChessBase"]
[SourceDate "2022.10.05"]
[SourceVersion "1"]
[SourceVersionDate "2022.10.05"]
[SourceQuality "1"]

1. e4 c5 2. Nf3 e6 3. c3 d5 4. e5 Nc6 5. d4 Qb6 6. Bd3 Bd7 7. dxc5 Bxc5 8. Qe2 Qc7 9. Bf4 a6 10. 0-0 Nge7 11. Bg3 Ba7 12. Nbd2 Rc8 13. c4 Nb4 14. Rfc1 Nxd3 15. Qxd3 0-0 16. Nb3 dxc4 17. Qc2 Qb8 18. Nbd2 b5 19. Ne4 Bc6 20. Nf6+ gxf6 21. exf6 Qb7 22. fxe7 Qxe7 23. Ne5 Bd5 24. Qe2 f5 25. Qh5 Qg7 26. Kh1 Bxf2 27. Nd7 Rf7 28. Nb6 0-1